[Event "International Tournament"]
[Site "Bled (Slovenia)"]
[Date "1961.09.10"]
[Round "6"]
[White "Bobby Fischer (USA)"]
[Black "Yefim Geller (RUS)"]
[Result "1-0"]
[WhiteElo "2760"]
[BlackElo "2455"]
[Annotator "Eric Schiller"]
[Source "Learn from Bobby Fischer's Greatest Games"]
[Remark "IX-X"]

1.e4 e5 2.Nf3 Nc6 3.Bb5 a6 4.Ba4 {
Although Fischer was known for his contributions to the Exchange Variation
(4.Bxc6) he was at least equally effective in the traditional main lines.}
d6 {Tne Modern Steinitz Variation is an improvement on the strategy favored by the
first World Champion (3...d6) because the bishop at a4 can be kicked back by ...b5 whenever Black wants to break the pin.}
5.O-O Bg4 6.h3 {!} {Fischer challenges the bishop right away, forcing Black to make an important decision.}
{} Bh5 {
Black can offer the bishop as a sacrifice by playing 6...h5. If White captures,
the rook at h8 stares menacingly at the White kingside.}
( 6...h5 {!?} {} 7.d4 ( 7.hxg4 hxg4 8.Ne1 {?} {loses to}
Qh4 {!} ) b5 8.Bb3 Nxd4 {The bishop still exerts a lot of pressure because of the pin on the knight, and here White must capture.}
9.hxg4 hxg4 10.Ng5 {
The knight, protected by the bishop at c1, prevents the Black queen from
getting to h4. Still, Black has two pawns for the piece.} Nh6
{brings about an unclear position. The White knight cannot retreat to safety.}
) 7.c3 {A useful move which allows the bishop to retreat to c2, the natural home in the
modern Spanish lines. In addition, the advance of a pawn to d4 has more support.}
{} Qf6 {?} {
This is not really a useful post for the queen, unless Black is committed to a
strategy involving an exchange of the bishop for the knight at f3. Black should
have placed his knight on this square instead, a far more natural plan. To be
fair to the distinguished theoretician Geller, however, it has to be said that
Fischer had anticipated the opening and had spent some time developing a new gambit approach to the position.}
8.g4 {!} {Fischer drives back the bishop, preventing the exchange at f3. Sure, the
kingside gets a bit weak but Black's king is still in the center, and the
center files are about to be blasted open. Fischer will have to give up the
e-pawn, but by removing the pawn, Geller's king will be exposed.}
Bg6 9.d4 {!} {
Fischer commented that he felt that the "traffic jam" on the kingside would
keep Black from developing, and that would compensate for the weakened kingside protection.}
Bxe4 {Otherwise Fischer would have played Bg5 followed by d5 after the forced queen move to e6. Then White wins a full piece.}
{} 10.Nbd2 {
It is normal for this knight to temporarily block the bishop in the Spanish
Game. White's position is so strong that only three games have been played from this position, all won by White.}
Bg6 ( 10...Bd3 11.Bxc6+ bxc6 12.Re1 O-O-O 13.Re3 {gave White a tremendous initiative in Smyslov vs. Medina, Tel Aviv Olympiad 1964.}
) ( 10...Bxf3 11.Nxf3 e4 12.Re1 d5 13.c4 ( 13.Bg5 Qd6 14.c4 {!}
{is more convincing. The Black king is trapped in the center, and White threatens cxd5 followed by Bb3 and Rxe4.}
) Bb4 14.cxd5 {?} ( 14.Re3 {!} {would have kept enough compensation for the pawn.}
) Bxe1 15.dxc6 Bxf2+ 16.Kxf2 b5 17.Bb3 exf3 18.Qxf3 O-O-O 19.Qxf6
Nxf6 {was eventually won by White in Hartston  vs.  Aijala, at Oerebro (Sweden) 1966, but the position is clearly in Black's favor.}
) 11.Bxc6+ bxc6 {Black's queenside barrier is destroyed, so the king cannot take shelter there.}
{} 12.dxe5 {
Fischer later thought that attacking the c-pawn directly would have been
stronger, possibly crushing. But then he applied himself to the defense, and found a remedy.}
( 12.Qa4 Kd7 {!} {
would have proven hard to crack. The king is probably safe there, even after
the d-file is opened, because the bishop will be able to come to d6.}
13.dxe5 dxe5 14.Nc4 Bd6 {02
is the line Fischer gave, but White has a surprising resource here. The queen
can return home, pinning the bishop and threatening to capture the pawn at e5.}
15.Qd1 {!} e4 ( 15...Re8 16.Bg5 Qe6 17.Nfxe5+ ) 16.Bg5 {!} Qe6
17.Nfe5+ Ke8 18.Nxd6+ cxd6 19.Nxc6 {where Black's pawns are simply too weak. Amusingly, White threatens to return the queen to a4, setting deadly threats.}
) dxe5 13.Nxe5 {!} {
The knight cannot becaptured because the queen would be pinned after Re1.
Black's queenside weaknesses are just part of the problem. The real suffering
is caused by the lack of kingside development and wide open king.}
{} Bd6 ( 13...O-O-O 14.Qe2 Kb7 15.Nb3 {is, as Fischer put it, "murderous" because of the threat of Na5+}
) 14.Nxg6 Qxg6 {Opening up the h-file would not have helped, as Geller realized in despair, after thinking for half an hour.}
( 14...hxg6 {would have been countered by} 15.Ne4 {!} {with a nasty fork.}
Qh4 16.Nxd6+ cxd6 17.Qxd6 {wins. Black has not time to complete the kingside attack.}
Qxh3 {gets checkmated:} {?} $37 18.Re1+ ) 15.Re1+ {The final onslaught begins.}
Kf8 ( 15...Kd8 {doesn't get the king to safety.} 16.Nc4 {threatens Bf4.}
) ( 15...Ne7 {preserves castling options, but} 16.Nc4 O-O-O
( 16...Rd8 17.Qa4 O-O 18.Nxd6 Qxd6 19.Bf4 {!} ( 19.Qxa6 {?} Nd5
{gives Black some counterplay.} ) Qc5 20.Qxa6 Nd5 21.Bg3 {is hopeless for Black. The White kingside is safe, and Qf1-g2 is available to defend the light squares.}
) 17.Qa4 {is going to clobber the queenside.} ) 16.Nc4 h5 {
Black hopes for a kingside attack, but it isn't going to happen without the
assistance of the bishop at d6, which is quickly removed from the board.}
{} 17.Nxd6 cxd6 {This undoubles the pawns, but it would have been better to take with the queen.}
( 17...Qxd6 18.Qxd6+ cxd6 19.Bf4 Rd8 ( 19...d5 {?} {is refuted by}
20.Bd6+ ) 20.Rad1 d5 21.c4 hxg4 22.hxg4 {Would have been just a bit better for White, but probably sufficient for Fischer to squeeze out a win.}
) 18.Bf4 {!} {The pressure builds.} d5 {Played after another long think, forty minutes according ot Fischer.}
{?} ( 18...Rd8 {was suggested right after the game by World Champion Tal, but analysis led to a cute win for White.}
19.Qe2 hxg4 20.hxg4 {
leaves Black with no useful move.The queen, knight and one rook have to stay in
place to guard against immediate checkmates at e7 and e8. Perhaps Tal had a
point, though. Suppose Black launches his own attack by putting pressure on the pawn at g4?}
f5 {!} {?} 21.Rad1 {and only now} d5 {!?} {White can probably win with Rd4-a4xa6.}
22.Rd4 Qxg4+ 23.Qxg4 fxg4 24.Ra4 {looks like a very promising pawn sacrifice.}
) 19.Qb3 {} hxg4 {
Geller spent over half an hour on this move, too. He was contemplating the
unpleasant consequences of defending the pawn at d6 with his knight, but in
each case Fischer had a devastating reply available. Desperation was truly justified.}
( 19...Ne7 {loses to an elegant exchange sacrifice.} 20.Rxe7
Kxe7 21.Qb7+ Kf6 22.Qxc6+ Ke7 23.Re1+ {with a forced mate in 7 moves.}
) ( 19...Nf6 20.Qb7 Re8 21.Rxe8+ Nxe8 22.Re1 {forces} Qf6 {04but}
23.Qb8 {wins easily.} ) 20.Qb7 {Geller gets to toss a check, but he can't cash it and quickly gives up.}
gxh3+ 21.Bg3 Rd8 22.Qb4+ {02Black resigned.} {} {} 1-0

[Event "Interzonal"]
[Site "Stockholm (Sweden)"]
[Date "1962.02.27"]
[Round "19"]
[White "Bobby Fischer"]
[Black "Korchnoi Viktor (SUI)"]
[Result "1-0"]
[WhiteElo "2760"]
[BlackElo "2670"]
[Annotator "Eric Schiller"]
[Source ""]
[Remark "time pressure, comp"]

1.e4 e5 2.Nf3 Nc6 3.Bb5 a6 4.Ba4 Nf6 5.O-O Be7 6.Re1 b5 7.Bb3
O-O 8.c3 d6 9.d4 {Once again Bobby finds himself on the White}
{side of the Spanish Inquisition. Normally, White plays} {9.h3 in this variation to prevent
}
{Black's bishop from getting to g4 and pinnning the
}
{knight at f3. The plan of storming the center was
}
{worked out early in the 20th century by Frederick Yates,
}
{and revived many decades later by a gambit developed
}
{by Oleg Romanishin. Personally, I have always liked the
}
{line for White and have played it many times.} Bg4 {} 10.Be3
exd4 {Fischer  considered 10...d5 to be a better choice, but}
{over forty years later it has a ppor reputation and is not}
{seen frequently. The capture at d4, Korchnoi's choice,} {remains the main line.}
11.cxd4 Na5 ( 11...d5 {!?} 12.e5 Ne4 13.Nc3 {(Or 13.Nbd2 Na5)}
Nxc3 14.bxc3 Qd7 {is considered about equal. Bobby thought that moving}
{the knight to d2 instead of c3 was good enough for an} {advantage for White. This was the prevailing view at the}
{time, so Korchnoi followed a more traditional path.} ) 12.Bc2
Nc4 {A tempting move, often played, but Black would have} {done better to play 12...c5. This wasFischer's}
{preference, and it remains the theortically approved} {move.}
13.Bc1 c5 14.b3 Na5 ( 14...Nb6 {, popular back in 1962, falls a bit short of equality after}
15.Nbd2 Rc8 16.h3 Bh5 17.d5 {, closing the center and leaving Black a bit cramped.}
) 15.d5 {!} {It pays to study the classics! With this move, Fischer}
{improved on the famous game Capablanca vs} {Bogoljubow, froim the 1922 International tournament}
{in London. That game delayed the advance of the} {d-pawn for one more move, but that gave Black}
{additional defensive options.} {} ( 15.Bb2 {was met in that game by the dynamic knight maneuver}
Nc6 {!} 16.d5 Nb4 {!} {By advancing the d-pawn right away, Fischer eliminates
}
{the possibility of a knight retreat to c6.} ) Nd7
( 15...Nxe4 16.Rxe4 Bxf3 17.Qxf3 Bf6 {doesn't win the rook at a1 because of}
18.Nc3 {and if} b4 19.Bb2 bxc3 20.Bxc3 Bxc3 21.Qxc3 {Fischer rightly claimed a big advantage for White.}
) 16.Nbd2 Bf6 17.Rb1 {This position has actually been reached many times, and}
{ usually 17...Bc3 or 17...Ne5 are played,. Korchnoi later} {said that the latter move was to be preferred, though}
{Fischer thought that it was already too late for Black to} {equalize in the line. Korchnoi was certainly correct in}
{labelling his own move as "overambitious".} {} c4 {?!}
18.h3 Bxf3 {If the bishop retreats, it is kicked again by g4, and then}
{the White knight can find a path to g3 via f1, a typical} {Spanish maneuver,}
19.Nxf3 cxb3 20.axb3 Qc7 21.Be3 {Some analysts, including Korchnoi himself, considered}
{this an
} {error, preferring 21.Re2. Fischer didn't consider it a big
}
{deal. In his opinion, White's advantage is small in any
}
{case. The point is that after 21...Bc3 22.Nd4 White is a} {tempo up. The same position is reached as in the game}
{but with White on the move instead of Black.} {?} {!} Bc3 {!}
22.Re2 b4 {Black has some play on the dark squares, but still has}
{more weaknesses and an offside knight. Black is going} {to have to spoend some time coordinating the forces,}
{which suggested to Bobby that it might be a god time to} {launch an attack.}
23.Nd4 Rfe8 {?!} ( 23...g6 {was the correct move. White would have a hard time}
{demonstrating any significant advantage after} 24.Bd3 Nc5 25.Ra2
Nab7 26.Ne2 Bg7 {despite some pressure on the queenside.} ) 24.Nf5
Nb7 25.Bd4 {!} {White challenges the annoying enemy bishop, while also}
{aiming at g7.} {} g6 {The pawn is defended, but now there is a hole in the
}
{Black kingside. Still, exchanging bishops would have} {given White a tremendous knight at d4.}
26.Nh6+ Kf8 27.Rc1 {!} {Aiming the rook at the enemy queen is a clever tactic}
{which can lead to great rewards i the opponent isn't} {careful.}
Rac8 28.Bd3 Qa5 {Wisely steppping out of the line of fire of the enemy}
{rook.} 29.Rec2 Ne5 30.Bf1 Nc5 {!} {Korchnoi has transfered his knights from passive
}
{positions into very active positions. It costs him a pawn,}
{but he certainly has some compensation for it.} {} 31.Bxc3
bxc3 32.Rxc3 Kg7 33.Ng4 Nxg4 34.Qxg4 {By exchanging pieces and getting rid of Black's knight at}
{e5, Bobby has reduced the level of compensation and} {has a substantial advantage. But the pressure at e4}
{does give him some counterplay. The knight at c5 is} {much stonger than the bishop.}
Rb8 35.Rf3 {?!} {Fischer's only comment is to quote Korchnoi: "White's}
{best chance is to revive his attack on the King's wing."} {True enough! Bobby plans Qf4 on the next move. But it}
{would have been better to switch the order of moves. If} {he had played 35.Qf4! first, then on 35...Nxe4 he would}
{have had 36.Rc7!, attacking the pawn at f7 more} {effectively from the side.}
Nxe4 36.Qf4 f5 {Although this move does weaken the king's barrier, it}
{isn't a problem because White can't get a rook to c7.} {Alternatively, Black could just have advanced one of the}
{rooks to the second rank. That would have been safer in} {the long run. Fischer admitted that the kingside}
{weakness couldn't be exploited.} {} 37.Re3 Re5 38.Rc6 Rbe8
{Korchnoi should be thinking about kicking White's queen} {with ...g5. In his habitual time pressure, Korchnoi simply}
{overlooked Bobby's reply. The rules required getting} {past move 40 before the player's allotted time expired.}
{In those days, each player had a generous 2 and a half} {hours to complete the first 40 moves. Now it is}
{generally 2 hours even in the most serious} {competitions.}
( 38...g5 {!?} 39.Qf3 Rbe8 40.Rxa6 Qxd5 41.b4 {would have left the players with roughy even chances,}
{according to Fischer. White's passed pawn is easier to} {advance and his king is safer, but that only adds up to a}
{small advantage.} ) 39.Rxd6 {!} {Korchnoi didn't oerlook the pin on the knight at d4, but}
{didn't spot a fork at the end of the combination which is} {seen in the variation}
{} Qa1 {?} {Both players agree that this was the fatal mistake. The}
{pin on the bishop at f1, combined with the defense of} {the rook at e5, seem to add up to the right plan.}
{However, there was a more active, and fairly obvious} {alternative. Black can drive back the enemy queen.}
( 39...g5 {!} 40.Rd7+ Kg6 41.Qf3 Qb6 {is Fischer's line. The rook at d7 can be trapped easily}
{since it has no support and no escape route. Fischer} {solved the problm tactically, by threatening the pawn at}
{04a6.} 42.Qe2 {!} {{CAPTION ANALYSIS BOARD^125} {} Nxf2
{!} {Black has resources too. The advantage of lining up the}
{queen against the enemy king is seen. It sets the stage} {for pins. For example, if White were to capture the}
{knight with the king, then Black would advance the} {f-pawn to f4 and exloit the pin to win the rook.}
43.Rxe5 {is forced.} Ne4+ 44.Kh2 Rxe5 45.Qxa6 Qxa6 46.Bxa6 Nf6
{The final fork wins back the d-pawn, and leads to an} {endgame which should end in a draw, though White has}
{any winning chances that exist.} ) ( 39...Nxd6 {?} {03{MOVE TO END OF PREVIOUS PARA^125}
40.Rxe5 Rxe5 41.Qxe5+ Kh6 42.Qxd6 {with an extra bishop for White.} )
40.Rxa6 {Korchnoi just has to make one more move to reach the}
{tinme control, but the game is now utterly lost.} {} Qd4
41.Rd3 Qb2 42.d6 g5 43.Qe3 f4 44.Qa7+ {Korchnoi resigned.} {}
{  } 1-0